Leisure, pleasure, and healing : (Record no. 18270)

000 -LEADER
fixed length control field 01575cam a22003494a 4500
001 - CONTROL NUMBER
control field 14709677
005 - DATE AND TIME OF LATEST TRANSACTION
control field 20161205094552.0
008 - FIXED-LENGTH DATA ELEMENTS--GENERAL INFORMATION
fixed length control field 070124s2007 ne a b 001 0 eng
010 ## - LIBRARY OF CONGRESS CONTROL NUMBER
LC control number 2007060882
020 ## - INTERNATIONAL STANDARD BOOK NUMBER
International Standard Book Number 9789004156814
020 ## - INTERNATIONAL STANDARD BOOK NUMBER
International Standard Book Number 900415681X (alk. paper)
040 ## - CATALOGING SOURCE
Original cataloging agency DLC
Transcribing agency DLC
Modifying agency DLC
043 ## - GEOGRAPHIC AREA CODE
Geographic area code aw-----
050 00 - LIBRARY OF CONGRESS CALL NUMBER
Classification number RA934.M628D86 2007
Item number D86 2007
100 1# - MAIN ENTRY--PERSONAL NAME
Personal name Dvorjetski, Estee.
245 10 - TITLE STATEMENT
Title Leisure, pleasure, and healing :
Remainder of title spa culture and medicine in ancient eastern Mediterranean /
Statement of responsibility, etc. by Estēe Dvorjetski.
260 ## - PUBLICATION, DISTRIBUTION, ETC. (IMPRINT)
Place of publication, distribution, etc. Leiden ;
-- Boston :
Name of publisher, distributor, etc. Brill,
Date of publication, distribution, etc. 2007.
300 ## - PHYSICAL DESCRIPTION
Extent xxxiii, 524 p. :
Other physical details ill. ;
Dimensions 25 cm.
490 0# - SERIES STATEMENT
Series statement Supplements to the Journal for the study of Judaism ;
Volume/sequential designation v. 116
504 ## - BIBLIOGRAPHY, ETC. NOTE
Bibliography, etc Includes bibliographical references and index.
650 #0 - SUBJECT ADDED ENTRY--TOPICAL TERM
Topical term or geographic name as entry element Health resorts
Geographic subdivision Middle East
General subdivision History.
650 #0 - SUBJECT ADDED ENTRY--TOPICAL TERM
Topical term or geographic name as entry element Mineral waters
General subdivision Therapeutic use
Geographic subdivision Middle East
General subdivision History.
650 #0 - SUBJECT ADDED ENTRY--TOPICAL TERM
Topical term or geographic name as entry element Balneology
Geographic subdivision Middle East
General subdivision History.
650 #0 - SUBJECT ADDED ENTRY--TOPICAL TERM
Topical term or geographic name as entry element Hot springs
Geographic subdivision Middle East
General subdivision History.
650 #0 - SUBJECT ADDED ENTRY--TOPICAL TERM
Topical term or geographic name as entry element Baths, Hot
Geographic subdivision Middle East
General subdivision History.
650 #0 - SUBJECT ADDED ENTRY--TOPICAL TERM
Topical term or geographic name as entry element Medicine
Geographic subdivision Middle East
General subdivision History.
650 #0 - SUBJECT ADDED ENTRY--TOPICAL TERM
Topical term or geographic name as entry element Medicine, Ancient.
856 41 - ELECTRONIC LOCATION AND ACCESS
Materials specified Table of contents
Uniform Resource Identifier <a href="http://www.loc.gov/catdir/toc/fy0716/2007060882.html">http://www.loc.gov/catdir/toc/fy0716/2007060882.html</a>
906 ## - LOCAL DATA ELEMENT F, LDF (RLIN)
a 7
b cbc
c orignew
d 1
e ocip
f 20
g y-gencatlg
942 ## - ADDED ENTRY ELEMENTS (KOHA)
Source of classification or shelving scheme
Koha item type Hard Covered Materials
Classification part RA934.M628D86 2007
Holdings
Withdrawn status Lost status Source of classification or shelving scheme Damaged status Not for loan Home library Current library Shelving location Date acquired Source of acquisition Total Checkouts Full call number Barcode Date last seen Price effective from Koha item type
          MACHAKOS UNIVERSITY LIBRARY MACHAKOS UNIVERSITY LIBRARY Open shelf 05/12/2016 Donation (B.F.A)   RA934.M628D86 2007 28696 05/12/2016 05/12/2016 Hard Covered Materials
© Machakos University Library, Along The Highway, Machakos Wote Rd, Machakos, Kenya P.O. Box 136 - 90100 Machakos - Kenya

Tel: ( +254 ) 723 805829 OR Fax : 044-20353 OR Email: library@mksu.ac.ke